000
00261nam a2200109Ia 4500
008
190216s9999||||xx |||||||||||||| ||und||
100
_a
Indira Goswamy
245
0
_a
Hindi- Chinna Mastha
260
_b
Bharatheeya Jyan Peed
_c
2003
650
_a
Hindi
942
_c
BK
999
_c
16141
_d
16141